Library of the University of Algiers 3
Ibrahim Sultan Cheibout
شعار جامعة الجزائر 3
مكتبة جامعة الجزائر 3
إبراهيم سلطان شيبوط

الخطر والتأمين / (رقم التسجيلة. 44357)

تفاصيل مارك
000 -LEADER
fixed length control field 01320nam a2200241Ia 4500
003 - CONTROL NUMBER IDENTIFIER
control field Ost
005 - DATE AND TIME OF LATEST TRANSACTION
control field 20260507075409.0
008 - FIXED-LENGTH DATA ELEMENTS--GENERAL INFORMATION
fixed length control field 260507s9999||||xx |||||||||||||| ||und||
040 ## - CATALOGING SOURCE
Transcribing agency fsecg
041 ## - LANGUAGE CODE
Language code of text/sound track or separate title ara
082 ## - DEWEY DECIMAL CLASSIFICATION NUMBER
Classification number 330
100 ## - MAIN ENTRY--PERSONAL NAME
Personal name عبد ربه، إبراهيم علي إبراهيم
Relator term مؤلف
245 #0 - TITLE STATEMENT
Title الخطر والتأمين /
Statement of responsibility, etc. إبراهيم علي إبراهيم عبد ربه
260 ## - PUBLICATION, DISTRIBUTION, ETC.
Place of publication, distribution, etc. الإسكندرية:
Name of publisher, distributor, etc. دار المطبوعات الجامعية,
Date of publication, distribution, etc. 2008
300 ## - PHYSICAL DESCRIPTION
Extent 531 صفحة؛
Other physical details إيضاحات ؛
Dimensions 25 سم
504 ## - BIBLIOGRAPHY, ETC. NOTE
Bibliography, etc. note المراجع ص.527
520 ## - SUMMARY, ETC.
Summary, etc. يضم مفهوم الخطر، التأمين نشأته وتطوره والتقسيمات المختلفة له والمبادئ التي يقوم عليها وأهميته، التأمين على الحياة، الأقساط الوحيدة الصافية، الأقساط السنوية الصافية، القسط التجاري، تأمين السيارات، التأمين على الحريق، التأمين البحري، إعادة التأمين، التأمين الاجتماعي
653 ## - INDEX TERM--UNCONTROLLED
Uncontrolled term إعادة التأمين
653 ## - INDEX TERM--UNCONTROLLED
Uncontrolled term التأمين - البنوك
653 ## - INDEX TERM--UNCONTROLLED
Uncontrolled term التأمين - المخاطر
653 ## - INDEX TERM--UNCONTROLLED
Uncontrolled term التأمين الإجتماعي- الجزائر
942 ## - ADDED ENTRY ELEMENTS (KOHA)
Koha item type كتب
المقتنيات
Withdrawn status Lost status Source of classification or shelving scheme Damaged status Not for loan Home library Current library Date acquired Serial enumeration / chronology Inventory number Total checkouts Full call number Barcode Date last seen Price effective from Koha item type
    Dewey Decimal Classification   NOT LOAN / إعارة داخلية مكتبة كلية العلوم الإقتصادية والعلوم التجارية وعلوم التسيير مكتبة كلية العلوم الإقتصادية والعلوم التجارية وعلوم التسيير 07/05/2026 الطابق الأرضي 26817   أ/4420ن1 26817 07/05/2026 07/05/2026 كتب
    Dewey Decimal Classification   Available مكتبة كلية العلوم الإقتصادية والعلوم التجارية وعلوم التسيير مكتبة كلية العلوم الإقتصادية والعلوم التجارية وعلوم التسيير 07/05/2026 الطابق الأرضي 26818   أ/4420ن2 26818 07/05/2026 07/05/2026 كتب
    Dewey Decimal Classification   Available مكتبة كلية العلوم الإقتصادية والعلوم التجارية وعلوم التسيير مكتبة كلية العلوم الإقتصادية والعلوم التجارية وعلوم التسيير 07/05/2026 الطابق الثاني 26819   أ/4420ن3 26819 07/05/2026 07/05/2026 كتب

موارد الويب المفتوحة


© University of Algiers 3 All Rights Reserved
|
Implemented by LECHELAH Riad